Mots français dans les villes en Amérique - Mort Subite - Statistiques

Statistiques générales
  • Ce quiz a été pris 139 fois
  • Le résultat moyen est 8 sur 22
Answers on the Grid
Answers color-coded by a green-red scale on the quiz's grid according to % correct below.
Eau Claire
Bâton Rouge
Carrefour
Fort de France
Fond du Lac
Roseau
Bouillante
Pointe à Pitre
Le Marin
Sept Iles
Trois Rivières
Mont Tremblant
Val des Sources
Rivière du Loup
Port de Paix
Port au Prince
Fort Liberté
Détroit
Minot
La Nouvelle Ibérie
Des Moines
Grand Prairie
Corniche
Grand Pont
Déchets
Petit Porte
Pont Brisé
Quatre Montagnes
Pomme de Terre
Gros Galet
Fort Terreur
Les Mouches
Terre de France
Pois d'Auvergne
Pain Perdu
Grand Chêne
 
Statistiques - réponses
Réponse % Correct
Détroit
85%
Bâton Rouge
73%
Fort de France
71%
Port au Prince
70%
Pointe à Pitre
65%
Trois Rivières
64%
Des Moines
57%
Roseau
56%
Sept Iles
38%
Grand Prairie
32%
Mont Tremblant
31%
Eau Claire
30%
Le Marin
27%
Carrefour
23%
Fort Liberté
23%
Rivière du Loup
23%
Bouillante
16%
La Nouvelle Ibérie
16%
Fond du Lac
15%
Val des Sources
13%
Minot
11%
Port de Paix
10%
Aucun quiz correspondant
Distribution des résultats
% des personnes avec chaque résultat
Percentile par nombre de réponses
Votre historique - résultats
Vous n’avez pas pris ce quiz